[Event "Athens Siaperas Memorial 14th"]
[Site "Athens"]
[Date "2018.01.13"]
[Round "1"]
[White "Delithanasis, Dimitrios"]
[Black "Kiriazis, Dimitrios"]
[Result "1-0"]
[WhiteElo "1985"]
[BlackElo "1489"]
[PlyCount "47"]
[EventDate "2018.01.13"]
[EventType "swiss"]
[EventRounds "7"]
[EventCountry "GRE"]
[SourceTitle "EXT 2019"]
[Source "ChessBase"]
[SourceDate "2018.10.10"]
[SourceVersion "1"]
[SourceVersionDate "2018.10.10"]
[SourceQuality "1"]

1. c4 d5 2. cxd5 Qxd5 3. Nc3 Qd8 4. d4 g6 5. e4 Bg7 6. Be3 e6 7. Nf3 h5 8. Qd2 Nh6 9. h3 a6 10. 0-0-0 b5 11. Kb1 Bb7 12. d5 b4 13. Na4 exd5 14. Qxb4 Qc8 15. exd5 a5 16. Qb5+ Kd8 17. Qb3 Nf5 18. Nb6 cxb6 19. Bxb6+ Ke7 20. Rc1 Bc6 21. Qa3+ Kf6 22. g4 hxg4 23. hxg4 Rxh1 24. g5# 1-0

[Event "Ambelokipi op 164th"]
[Site "Athens"]
[Date "2017.06.14"]
[Round "7"]
[White "Vazelakis, Dimitrios"]
[Black "Kiriazis, Dimitrios"]
[Result "1-0"]
[WhiteElo "1888"]
[BlackElo "1600"]
[PlyCount "77"]
[EventDate "2017.05.03"]
[EventType "swiss"]
[EventRounds "7"]
[EventCountry "GRE"]
[SourceTitle "EXT 2024"]
[Source "ChessBase"]
[SourceDate "2023.10.10"]
[SourceVersion "1"]
[SourceVersionDate "2023.10.10"]
[SourceQuality "1"]

1. c4 b5 2. cxb5 a6 3. bxa6 Nxa6 4. Nf3 Bb7 5. d4 Nf6 6. Nc3 e6 7. Bg5 Be7 8. e3 d6 9. Bb5+ Kf8 10. a3 h6 11. Bh4 g5 12. Bg3 g4 13. Nd2 Bxg2 14. Rg1 Bb7 15. Qe2 h5 16. e4 c5 17. dxc5 Nxc5 18. 0-0-0 e5 19. f3 Qc7 20. Kb1 h4 21. Bf2 Nh5 22. Rxg4 Nf4 23. Qc4 Bc8 24. Rxf4 exf4 25. Nd5 Qd8 26. e5 Bf5+ 27. Ka2 Be6 28. b3 Qa5 29. Rb1 Nb7 30. Bc6 Rc8 31. exd6 Nxd6 32. Qd4 Rh5 33. Nxe7 Bxb3+ 34. Kxb3 Rb5+ 35. Ka2 Rxb1 36. Ng6+ fxg6 37. Qxd6+ Kg7 38. Kxb1 Rd8 39. Bd4+ 1-0

[Event "Ambelokipi op 162th"]
[Site "Athens"]
[Date "2017.01.25"]
[Round "3"]
[White "Kiriazis, Dimitrios"]
[Black "Grigoriadis, Mihail"]
[Result "1-0"]
[WhiteElo "1603"]
[BlackElo "2185"]
[PlyCount "75"]
[EventDate "2017.01.11"]
[EventType "swiss"]
[EventRounds "7"]
[EventCountry "GRE"]
[SourceTitle "EXT 2024"]
[Source "ChessBase"]
[SourceDate "2023.10.10"]
[SourceVersion "1"]
[SourceVersionDate "2023.10.10"]
[SourceQuality "1"]

1. d4 Nf6 2. Nf3 g6 3. g3 Bg7 4. Bg2 d5 5. 0-0 c6 6. Ne5 Nfd7 7. f4 Nxe5 8. fxe5 0-0 9. e3 Be6 10. Nd2 c5 11. c3 Nc6 12. Nf3 h6 13. a3 b5 14. b4 cxb4 15. axb4 a5 16. bxa5 Rxa5 17. Rxa5 Qxa5 18. Bd2 Ra8 19. Ne1 Qa2 20. Nd3 Bf5 21. Nf4 e6 22. Qe2 Na5 23. e4 Bxe4 24. Bxe4 dxe4 25. Qxe4 Nb3 26. Be3 Rc8 27. Nxg6 Rxc3 28. Ne7+ Kf8 29. Qb7 Rc2 30. Ng6+ Kg8 31. Qxf7+ Kh7 32. Nh4 Qb2 33. Qxe6 Re2 34. Qg6+ Kh8 35. Qe4 Qa2 36. Nf5 Nd2 37. Qg4 Bf8 38. Qxe2 1-0

[Event "Athens Siaperas Memorial 13th"]
[Site "Athens"]
[Date "2017.01.14"]
[Round "1"]
[White "Kiriazis, Dimitrios"]
[Black "Grigoriadis, Mihail"]
[Result "0-1"]
[WhiteElo "1603"]
[BlackElo "2185"]
[PlyCount "84"]
[EventDate "2017.02.04"]
[EventType "swiss"]
[EventRounds "7"]
[EventCountry "GRE"]
[SourceTitle "EXT 2024"]
[Source "ChessBase"]
[SourceDate "2023.10.10"]
[SourceVersion "1"]
[SourceVersionDate "2023.10.10"]
[SourceQuality "1"]

1. b3 e5 2. Bb2 d6 3. e4 Nf6 4. d3 g6 5. Nf3 Bg7 6. Be2 0-0 7. 0-0 Nc6 8. c4 Ne7 9. Nc3 c5 10. Nd5 Nfxd5 11. cxd5 f5 12. Nd2 h5 13. a4 f4 14. Nc4 a5 15. f3 g5 16. Kh1 Rf6 17. Rg1 Ng6 18. Bc3 b6 19. Bd2 Ra7 20. g3 Bf8 21. gxf4 gxf4 22. Be1 Rg7 23. Bf2 Rff7 24. Bf1 Be7 25. Bg2 Kh8 26. Qf1 Bh4 27. Ra2 Bxf2 28. Rxf2 Nh4 29. Bh3 Rxg1+ 30. Kxg1 Rg7+ 31. Kh1 Bg4 32. Bxg4 hxg4 33. fxg4 Rxg4 34. Qh3 Qg5 35. Rf1 Kg8 36. Nxd6 f3 37. Nf5 Nxf5 38. exf5 f2 39. Qxg4 Qxg4 40. Rxf2 Qd1+ 41. Kg2 Qxd3 42. f6 Qxd5+ 0-1

[Event "Ambelokipi op 160th"]
[Site "Athens"]
[Date "2016.10.19"]
[Round "6"]
[White "Ponirakis, Dimitrios"]
[Black "Kiriazis, Dimitrios"]
[Result "1-0"]
[WhiteElo "2010"]
[BlackElo "1503"]
[PlyCount "51"]
[EventDate "2016.09.14"]
[EventType "swiss"]
[EventRounds "7"]
[EventCountry "GRE"]
[SourceTitle "EXT 2024"]
[Source "ChessBase"]
[SourceDate "2023.10.10"]
[SourceVersion "1"]
[SourceVersionDate "2023.10.10"]
[SourceQuality "1"]

1. d4 c6 2. c4 d5 3. Nc3 Nf6 4. Nf3 e6 5. Bg5 Be7 6. e3 Nbd7 7. cxd5 exd5 8. Qc2 h6 9. Bf4 b5 10. Bd3 a5 11. 0-0 0-0 12. h3 a4 13. b3 axb3 14. axb3 Bb7 15. Be5 Nxe5 16. Nxe5 Nd7 17. Rxa8 Bxa8 18. f4 Nxe5 19. fxe5 Bg5 20. Rf3 c5 21. Nxb5 cxd4 22. exd4 Qb6 23. b4 Qa6 24. Kh2 Rb8 25. Nd6 Qa1 26. Bh7+ 1-0

[Event "Ambelokipi op 150th"]
[Site "Athens"]
[Date "2014.12.20"]
[Round "7"]
[White "Kiriazis, Dimitrios"]
[Black "Loupos, Vasilios"]
[Result "0-1"]
[WhiteElo "1641"]
[BlackElo "2024"]
[PlyCount "46"]
[EventDate "2014.11.08"]
[EventType "swiss"]
[EventRounds "7"]
[EventCountry "GRE"]
[SourceTitle "EXT 2016"]
[Source "ChessBase"]
[SourceDate "2015.10.08"]
[SourceVersion "1"]
[SourceVersionDate "2015.10.08"]
[SourceQuality "1"]

1. e4 g6 2. d4 c6 3. Nc3 d6 4. Nf3 Bg7 5. Be2 Nf6 6. 0-0 0-0 7. h3 Nbd7 8. Be3 e5 9. dxe5 dxe5 10. a4 a5 11. Qc1 Qe7 12. Bc4 Nc5 13. Bg5 Qc7 14. Qe3 Ne6 15. Bh4 Nh5 16. Rfd1 Nhf4 17. Rd2 Bh6 18. Kh2 Kg7 19. g3 f6 20. Qe1 Nxh3 21. Kxh3 Ng5+ 22. Kg2 Bh3+ 23. Kh1 Nxf3 0-1

[Event "Ambelokipi op 149th"]
[Site "Athens"]
[Date "2014.11.26"]
[Round "4"]
[White "Santorinaios, Hristodoulos"]
[Black "Kiriazis, Dimitrios"]
[Result "0-1"]
[WhiteElo "1600"]
[BlackElo "1641"]
[PlyCount "67"]
[EventDate "2014.11.05"]
[EventType "swiss"]
[EventRounds "7"]
[EventCountry "GRE"]
[SourceTitle "EXT 2016"]
[Source "ChessBase"]
[SourceDate "2015.10.08"]
[SourceVersion "1"]
[SourceVersionDate "2015.10.08"]
[SourceQuality "1"]

1. d4 Nf6 2. c4 g6 3. Nc3 Bg7 4. e4 d6 5. Nf3 0-0 6. Be2 Nc6 7. 0-0 Bd7 8. a3 e5 9. d5 Ne7 10. b4 Nh5 11. g3 f5 12. Ng5 Nf6 13. Bf3 Qc8 14. c5 dxc5 15. bxc5 h6 16. Ne6 Bxe6 17. dxe6 Qxe6 18. Rb1 Rad8 19. Qc2 b6 20. a4 Nc6 21. exf5 gxf5 22. Bxc6 Qxc6 23. Qxf5 Qxc5 24. Bb2 Kh8 25. Qg6 Rd2 26. Ba1 Ng4 27. Ne4 Rfxf2 28. Rxf2 Qc2 29. Qe8+ Kh7 30. Nxd2 Nxf2 31. Qh5 Qxd2 32. Qf5+ Kh8 33. Qxf2 Qa5 34. Rd1 0-1

[Event "Ambelokipi op 138th"]
[Site "Athens"]
[Date "2013.10.05"]
[Round "4"]
[White "Vazelakis, Dimitrios"]
[Black "Kiriazis, Dimitrios"]
[Result "1-0"]
[WhiteElo "1969"]
[BlackElo "1652"]
[PlyCount "53"]
[EventDate "2013.09.14"]
[EventType "swiss"]
[EventRounds "7"]
[EventCountry "GRE"]
[SourceTitle "EXT 2024"]
[Source "ChessBase"]
[SourceDate "2023.10.10"]
[SourceVersion "1"]
[SourceVersionDate "2023.10.10"]
[SourceQuality "1"]

1. c4 e5 2. g3 Bc5 3. Bg2 d6 4. Nc3 a6 5. e3 Nc6 6. a3 f5 7. d3 Nf6 8. Nge2 0-0 9. 0-0 Bd7 10. d4 exd4 11. Nxd4 Ng4 12. b4 Ba7 13. Nd5 Kh8 14. Bb2 Nce5 15. Rc1 c6 16. Nf4 Qf6 17. h3 Nh6 18. b5 axb5 19. cxb5 d5 20. Nh5 Qf7 21. bxc6 bxc6 22. Nxc6 Bxc6 23. Bxe5 Ba4 24. Qf3 Rg8 25. Rc7 Bd7 26. Nxg7 Rxg7 27. Qxd5 1-0

[Event "Athens op 06"]
[Site "Athens"]
[Date "2012.06.30"]
[Round "6"]
[White "Untiveros, Jesus Benzamin"]
[Black "Kiriazis, Dimitrios"]
[Result "0-1"]
[WhiteElo "1666"]
[BlackElo "1657"]
[PlyCount "94"]
[EventDate "2012.06.02"]
[EventType "swiss"]
[EventRounds "7"]
[EventCountry "GRE"]
[SourceTitle "EXT 2014"]
[Source "ChessBase"]
[SourceDate "2013.11.20"]
[SourceVersion "1"]
[SourceVersionDate "2013.11.20"]
[SourceQuality "1"]

1. d4 f5 2. c4 Nf6 3. Nc3 g6 4. g3 Bg7 5. Bg2 0-0 6. e3 d6 7. Nge2 c6 8. 0-0 Qe8 9. b3 e5 10. dxe5 dxe5 11. Bb2 Be6 12. Qc2 Nbd7 13. Ba3 Rf7 14. f4 Ng4 15. Qc1 e4 16. h3 Nh6 17. Rb1 a6 18. Rd1 b5 19. Nd4 Bxd4 20. exd4 bxc4 21. bxc4 Bxc4 22. Nxe4 fxe4 23. Qxc4 Nf5 24. Re1 Nxg3 25. Kh2 Nh5 26. Bxe4 Qd8 27. Bd6 Qh4 28. Bg2 Kg7 29. Rf1 Re8 30. Qc3 Kg8 31. Rbe1 Rc8 32. Rf3 Ndf6 33. Kg1 Nd5 34. Qd2 Ndxf4 35. Re4 g5 36. Be7 Rb8 37. Qe1 Qxe1+ 38. Rxe1 Rb2 39. Bf1 Rf5 40. Rfe3 h6 41. Ba3 Rb8 42. Re8+ Rxe8 43. Rxe8+ Kg7 44. Re7+ Kg6 45. Bxa6 Ra5 46. Ra7 Rxa3 47. Bd3+ Rxd3 0-1

[Event "Athens op 05"]
[Site "Athens"]
[Date "2012.05.05"]
[Round "1"]
[White "Nikolaou, Georgios"]
[Black "Kiriazis, Dimitrios"]
[Result "1-0"]
[WhiteElo "2208"]
[BlackElo "1674"]
[PlyCount "59"]
[EventDate "2012.05.05"]
[EventType "swiss"]
[EventRounds "7"]
[EventCountry "GRE"]
[SourceTitle "EXT 2014"]
[Source "ChessBase"]
[SourceDate "2013.11.20"]
[SourceVersion "1"]
[SourceVersionDate "2013.11.20"]
[SourceQuality "1"]

1. Nf3 Nf6 2. c4 g6 3. g3 Bg7 4. Bg2 0-0 5. 0-0 c6 6. d4 d5 7. Ne5 e6 8. Nc3 Nfd7 9. Nf3 Na6 10. Bf4 b6 11. Rc1 Bb7 12. cxd5 exd5 13. e4 dxe4 14. Nxe4 c5 15. Nd6 Bxf3 16. Bxf3 Rb8 17. Nb7 Qf6 18. Bxb8 Rxb8 19. dxc5 Ndxc5 20. Nxc5 Nxc5 21. b3 Rd8 22. Qe2 a5 23. Rfd1 Rxd1+ 24. Rxd1 h5 25. h4 Bf8 26. Bd5 Ne6 27. Qf3 Qe5 28. Qe4 Qf6 29. Bxe6 fxe6 30. Re1 1-0

[Event "Nikaia op 16th"]
[Site "Nikaia"]
[Date "2008.09.01"]
[Round "9"]
[White "Kiriazis, Dimitrios"]
[Black "Goumas, Ioannis"]
[Result "0-1"]
[WhiteElo "1853"]
[BlackElo "2219"]
[PlyCount "68"]
[EventDate "2008.08.25"]
[EventType "swiss"]
[EventRounds "9"]
[EventCountry "GRE"]
[SourceTitle "CBM 126 Extra"]
[Source "ChessBase"]
[SourceDate "2008.11.05"]
[SourceVersion "1"]
[SourceVersionDate "2008.11.05"]
[SourceQuality "1"]

1. e4 d5 2. exd5 Qxd5 3. Nc3 Qd6 4. Bc4 Nf6 5. d3 a6 6. a4 e6 7. Nge2 b6 8. 0-0 Bb7 9. Bf4 Qc6 10. f3 Bd6 11. Kh1 Bxf4 12. Nxf4 Nbd7 13. Qe1 0-0-0 14. Qb1 g5 15. Nfe2 Ne5 16. Ba2 g4 17. Ne4 gxf3 18. gxf3 Nxe4 19. fxe4 Rhg8 20. Nc3 Rg4 21. Qe1 Rdg8 22. b4 Kb8 23. b5 axb5 24. axb5 Qc5 25. Rd1 R8g6 26. Bb3 f5 27. h3 Rg3 28. Kh2 Rg2+ 29. Kh1 R2g3 30. Kh2 Rg1 31. h4 Ng4+ 32. Kh3 Qe5 33. Rd2 Nf2+ 34. Qxf2 R1g3+ 0-1

[Event "Nikaia op 16th"]
[Site "Nikaia"]
[Date "2008.08.31"]
[Round "8"]
[White "Papadopoulos, Agathaggelos"]
[Black "Kiriazis, Dimitrios"]
[Result "0-1"]
[WhiteElo "2091"]
[BlackElo "1853"]
[PlyCount "81"]
[EventDate "2008.08.25"]
[EventType "swiss"]
[EventRounds "9"]
[EventCountry "GRE"]
[SourceTitle "CBM 126 Extra"]
[Source "ChessBase"]
[SourceDate "2008.11.05"]
[SourceVersion "1"]
[SourceVersionDate "2008.11.05"]
[SourceQuality "1"]

1. e4 e5 2. Nf3 Nc6 3. Bb5 a6 4. Ba4 Nf6 5. 0-0 Be7 6. Re1 b5 7. Bb3 d6 8. c3 0-0 9. h3 Nb8 10. d4 Nbd7 11. Nbd2 Bb7 12. Bc2 Re8 13. Nf1 Bf8 14. Ng3 g6 15. dxe5 Nxe5 16. Bg5 h6 17. Bf4 Nc4 18. Qc1 Kh7 19. a4 Bg7 20. b3 Ne5 21. Nxe5 dxe5 22. Be3 Qd7 23. axb5 axb5 24. Rxa8 Rxa8 25. Bb1 Qc6 26. Qb2 Ne8 27. f3 Nd6 28. Rc1 Bf6 29. Qd2 Bh4 30. Nf1 h5 31. Kh2 Kg7 32. Bh6+ Kg8 33. Bg5 Bxg5 34. Qxg5 Qe8 35. Ng3 Qd8 36. Qxe5 Ra3 37. Bc2 Ra2 38. Nf1 Qa8 39. Ne3 Qa3 40. Rd1 Qb2 41. Qc5 0-1

[Event "Ambelokipi op 88th"]
[Site "Athens"]
[Date "2008.06.06"]
[Round "3"]
[White "Michailidis, Dimitrios"]
[Black "Kiriazis, Dimitrios"]
[Result "1-0"]
[WhiteElo "1929"]
[BlackElo "1897"]
[PlyCount "43"]
[EventDate "2008.06.02"]
[EventType "swiss"]
[EventRounds "7"]
[EventCountry "GRE"]
[SourceTitle "EXT 2010"]
[Source "ChessBase"]
[SourceDate "2010.11.25"]
[SourceVersion "1"]
[SourceVersionDate "2010.11.25"]
[SourceQuality "1"]

1. e4 e5 2. Nf3 Nc6 3. Bb5 Nge7 4. Nc3 g6 5. d3 Bg7 6. Bg5 h6 7. Be3 a6 8. Bc4 b5 9. Bb3 0-0 10. 0-0 Na5 11. Nd2 Nxb3 12. Nxb3 d6 13. Qd2 Kh7 14. f4 exf4 15. Rxf4 Be6 16. Raf1 d5 17. Bc5 c6 18. Qf2 Re8 19. Nd4 Rc8 20. Nxe6 fxe6 21. Rf7 e5 22. Qf6 1-0

[Event "Ambelokipi op 88th"]
[Site "Athens"]
[Date "2008.06.04"]
[Round "2"]
[White "Karaoulanis, Dimitrios"]
[Black "Kiriazis, Dimitrios"]
[Result "0-1"]
[WhiteElo "1883"]
[BlackElo "1897"]
[PlyCount "198"]
[EventDate "2008.06.02"]
[EventType "swiss"]
[EventRounds "7"]
[EventCountry "GRE"]
[SourceTitle "EXT 2010"]
[Source "ChessBase"]
[SourceDate "2010.11.25"]
[SourceVersion "1"]
[SourceVersionDate "2010.11.25"]
[SourceQuality "1"]

1. e4 e5 2. Nf3 Nc6 3. Bb5 a6 4. Ba4 Nf6 5. 0-0 Be7 6. Re1 b5 7. Bb3 d6 8. c3 0-0 9. h3 Na5 10. Bc2 c5 11. d4 Qc7 12. Nbd2 Bb7 13. Nf1 cxd4 14. cxd4 Rac8 15. Bb1 Rfe8 16. Bg5 Nc4 17. b3 Nb6 18. d5 h6 19. Bxf6 Bxf6 20. Ne3 g6 21. g4 Nd7 22. h4 Qc3 23. Bc2 Bd8 24. h5 Bb6 25. Rc1 Ba7 26. hxg6 fxg6 27. g5 h5 28. Nh4 Kh7 29. Nhf5 Bc5 30. Bb1 Qa5 31. Rxc5 dxc5 32. Nd6 Ba8 33. Nxe8 Rxe8 34. Nf1 Qd8 35. Qd2 Rf8 36. Nh2 Rf4 37. Re3 Qxg5+ 38. Rg3 Qf6 39. f3 Bb7 40. Bd3 Qb6 41. Kg2 Nf6 42. Qc3 Qd6 43. Nf1 Kh6 44. Ne3 Bc8 45. Kf2 h4 46. Rg1 h3 47. Rh1 Nh5 48. Be2 Bd7 49. Nf1 Qf6 50. Qxc5 Rxe4 51. Ke1 Rd4 52. Qc1+ g5 53. Ne3 Nf4 54. Qc7 Bf5 55. Qc6 Kg7 56. Qc7+ Kg6 57. Nxf5 Qxf5 58. Qc6+ Qf6 59. Qe8+ Kh6 60. Qd7 Qg6 61. Kf2 Rd2 62. Rxh3+ Nxh3+ 63. Qxh3+ Kg7 64. Qd7+ Qf7 65. Qd8 Kg6 66. Qd6+ Qf6 67. Qb4 Rxa2 68. d6 Qe6 69. Qe4+ Kf6 70. Qh7 Qxd6 71. Qh6+ Ke7 72. Qxg5+ Kd7 73. Qf5+ Kc7 74. Qf7+ Kb6 75. b4 Qd4+ 76. Kf1 Ra1+ 77. Kg2 Qg1+ 78. Kh3 Qh1+ 79. Kg4 Qh6 80. Bd3 Rg1+ 81. Kf5 Qf4+ 82. Ke6 Qxf7+ 83. Kxf7 Rg5 84. Kf6 Rh5 85. Bf5 Rh2 86. Kxe5 Rb2 87. f4 Rxb4 88. Be4 Rc4 89. f5 Rc8 90. f6 a5 91. Bf5 Rh8 92. f7 a4 93. Kd4 Ka5 94. Kc3 b4+ 95. Kb2 Rf8 96. Be6 Rh8 97. Bd5 Rh2+ 98. Kb1 Rf2 99. Be6 b3 0-1

[Event "Ambelokipi op 86th"]
[Site "Athens"]
[Date "2008.04.14"]
[Round "4"]
[White "Kiriazis, Dimitrios"]
[Black "Sideris, Theodoros"]
[Result "0-1"]
[WhiteElo "1841"]
[BlackElo "2013"]
[PlyCount "85"]
[EventDate "2008.04.07"]
[EventType "swiss"]
[EventRounds "7"]
[EventCountry "GRE"]
[SourceTitle "EXT 2010"]
[Source "ChessBase"]
[SourceDate "2010.11.25"]
[SourceVersion "1"]
[SourceVersionDate "2010.11.25"]
[SourceQuality "1"]

1. b3 d5 2. Bb2 Nf6 3. f4 g6 4. Nf3 Bg7 5. e3 c5 6. Be2 0-0 7. 0-0 Nc6 8. h3 d4 9. Qe1 Nd5 10. Bd1 e5 11. fxe5 dxe3 12. dxe3 Bh6 13. Bc1 Re8 14. Nc3 Nxe5 15. e4 Bxc1 16. Rxc1 Nxf3+ 17. Bxf3 Nxc3 18. Qxc3 Qd4+ 19. Qxd4 cxd4 20. Rfd1 Rd8 21. Rd3 Be6 22. Rcd1 Rdc8 23. R1d2 Rc3 24. Rxd4 Rac8 25. Bd1 Kg7 26. Kf2 Kf6 27. a4 Ke5 28. Kf1 b6 29. Kf2 R8c7 30. Kf1 h5 31. Kf2 g5 32. Kf1 g4 33. hxg4 Bxg4 34. Bxg4 hxg4 35. Rd7 Kxe4 36. Rxc7 Rxc7 37. c4 f5 38. Kf2 f4 39. Ke2 f3+ 40. gxf3+ gxf3+ 41. Kf2 Rh7 42. Rd8 Rh4 43. Kf1 0-1

[Event "Ambelokipi op 83rd"]
[Site "Athens"]
[Date "2007.12.12"]
[Round "4"]
[White "Anastasopoulos, Spyros"]
[Black "Kiriazis, Dimitrios"]
[Result "1-0"]
[WhiteElo "2077"]
[BlackElo "1885"]
[PlyCount "69"]
[EventDate "2007.12.01"]
[EventType "swiss"]
[EventRounds "7"]
[EventCountry "GRE"]
[SourceTitle "EXT 2024"]
[Source "ChessBase"]
[SourceDate "2023.10.10"]
[SourceVersion "1"]
[SourceVersionDate "2023.10.10"]
[SourceQuality "1"]

1. e4 c5 2. Nc3 Nc6 3. Nf3 d6 4. d4 cxd4 5. Nxd4 Nf6 6. Bg5 a6 7. Qd2 e6 8. 0-0-0 Be7 9. Nb3 0-0 10. Bxf6 gxf6 11. f4 b5 12. Nd4 Nxd4 13. Qxd4 Qc7 14. Rd3 Rb8 15. f5 b4 16. Nd1 Bd7 17. Rh3 Kh8 18. Qd2 Rg8 19. Qh6 Rg7 20. Rg3 Rbg8 21. Bxa6 Ba4 22. Bd3 e5 23. Ne3 Bc6 24. Qh4 Qb7 25. Rd1 d5 26. Ng4 dxe4 27. Bc4 Bb5 28. Nxf6 Bxf6 29. Qxf6 Qc6 30. Qxg7+ Rxg7 31. Rd8+ Qe8 32. Rxe8+ Bxe8 33. Kd2 Rxg3 34. hxg3 Kg7 35. Bd5 1-0

[Event "Ambelokipi op 80th"]
[Site "Athens"]
[Date "2007.09.19"]
[Round "4"]
[White "Kiriazis, Dimitrios"]
[Black "Ponirakis, Dimitrios"]
[Result "0-1"]
[WhiteElo "1899"]
[BlackElo "2091"]
[PlyCount "76"]
[EventDate "2007.09.08"]
[EventType "swiss"]
[EventRounds "7"]
[EventCountry "GRE"]
[SourceTitle "EXT 2008"]
[Source "ChessBase"]
[SourceDate "2007.11.25"]
[SourceVersion "1"]
[SourceVersionDate "2007.11.25"]
[SourceQuality "1"]

1. e4 e5 2. Bc4 Nf6 3. d3 Nc6 4. c3 d5 5. exd5 Nxd5 6. Qf3 Be6 7. Nh3 h6 8. 0-0 Be7 9. Qg3 g5 10. f3 Nf4 11. Bxf4 exf4 12. Qf2 Bxc4 13. dxc4 Qd6 14. b4 0-0 15. Na3 a6 16. Rad1 Qf6 17. Nb1 Rad8 18. Rd5 Ne5 19. Qe2 Rxd5 20. cxd5 Ng6 21. Re1 Rd8 22. Qe4 Qd6 23. c4 Qxb4 24. Kh1 Bc5 25. Ng1 Be3 26. Rd1 c6 27. a3 Qc5 28. Ne2 b5 29. Nec3 Qxc4 30. Qxc4 bxc4 31. dxc6 Rc8 32. Rd6 Bc5 33. Rd5 Rxc6 34. g3 Be3 35. Kg2 Rb6 36. Rd8+ Kg7 37. Rc8 Rb2+ 38. Kh1 Ne5 0-1